GSM Security Investigation (Record no. 9171)
[ view plain ]
| 000 -LEADER | |
|---|---|
| fixed length control field | 00494 a2200133 4500 |
| 082 ## - DEWEY DECIMAL CLASSIFICATION NUMBER | |
| Classification number | BICSE-1 |
| 100 ## - MAIN ENTRY--PERSONAL NAME | |
| Personal name | Sohaib Khan |
| 9 (RLIN) | 92366 |
| 245 ## - TITLE STATEMENT | |
| Title | GSM Security Investigation |
| Statement of responsibility, etc. | Sohaib Khan |
| 260 ## - PUBLICATION, DISTRIBUTION, ETC. | |
| Place of publication, distribution, etc. | Isalamabad, |
| Name of publisher, distributor, etc. | NUST School of Electrical Engineering & Computer Science, |
| Date of publication, distribution, etc. | 2007. |
| 300 ## - PHYSICAL DESCRIPTION | |
| Extent | ix, 101 p. : |
| Other physical details | ill. ; |
| Dimensions | 27 cm. + |
| Accompanying material | CD-ROM |
| 500 ## - GENERAL NOTE | |
| General note | Supervisors : Dr. Fauzan Mirza, Mr. Shahrzad Khattak. |
| 856 ## - ELECTRONIC LOCATION AND ACCESS | |
| Uniform Resource Identifier | <a href="http://10.250.8.41:8080/xmlui/handle/123456789/8486">http://10.250.8.41:8080/xmlui/handle/123456789/8486</a> |
| 942 ## - ADDED ENTRY ELEMENTS (KOHA) | |
| Koha item type | Project Report |
| Call number prefix | BICSE-1 SOH |
| Source of classification or shelving scheme | |
| Withdrawn status | Lost status | Source of classification or shelving scheme | Damaged status | Not for loan | Permanent Location | Current Location | Date acquired | Full call number | Barcode | Date last seen | Price effective from | Koha item type | Shelving location |
|---|---|---|---|---|---|---|---|---|---|---|---|---|---|
| WITHDRAWN | Central Library (CL) | Central Library (CL) | 07/07/2022 | BICSE-1 SOH | SEECSP00022 | 11/14/2012 | 11/14/2012 | Project Report | |||||
| WITHDRAWN | Central Library (CL) | Central Library (CL) | 10/13/2020 | 004 | CL-BP-468 | 10/13/2020 | 10/13/2020 | Project Report | Thesis |
